000 00674nas a2200217 i 4500
001 185157
003 ES-MaACL
005 20250903084345.0
008 160331d1899 it m| | ||ta d
110 0 _aFratelli Bocca.
_94178
245 1 0 _aBollettino mensile delle novita' librarie.
260 _aRoma :
_bFratelli Bocca,
_c1899-
300 _av. ;
_c25 cm.
310 _aMensual
362 0 _aAño 1 (nº 1 1899)-
650 7 _aCatálogos de editores-
_yS.XIX
_2
_9169796
650 7 _aCatálogos de editores-
_yS.XX
_2
_9169795
852 _aES-MaACL
_jT967-F-2
_z.- Enc. en un vol. facticio
866 0 _o1899 (nº 10, ottobre)
999 _c185157
_d185157